000 00557nam a22001937a 4500
999 _c7799
_d7799
003 OSt
005 20220307110846.0
008 220307b ||||| |||| 00| 0 eng d
020 _a9780226554204
040 _cDDC
082 _a306.88'3 MUT 2007
100 _aMutongi, Kenda
_915890
245 _aWorries of the heart
_b: Widows, Family, and community in Kenya
260 _aLondon
_b: university of Chicago
_c, C 2007
300 _axiii,256p.
_c; 23 cm
504 _aBibliogaphy Index
650 _aKenya- colonial influence
_915891
942 _2ddc
_cBOOK